00461 a2200169 450000100060000002000180000604000240002410000230004824000250007124500200009630000070011636200090012365000310013294200070016395201040017099900170027448092 a9788526296305 cAnchieta - Aquarius aMarques, Christina10aO nariz curiosolpor10aO nariz curioso a320 a2015 4aLiteratura infanto-juvenil cBK 00104070a87.1b87.1d2023-11-21l0o028.5 MAR NARp7227/AQUr2023-11-21 15:15:00w2023-11-21yBK c48092d48092